MISI RAGBI / (Record no. 203596)
[ view plain ]
| 000 -LEADER | |
|---|---|
| fixed length control field | 00940nam a2200277 i 4500 |
| 005 - DATE AND TIME OF LATEST TRANSACTION | |
| control field | 20260405163725.0 |
| 008 - FIXED-LENGTH DATA ELEMENTS--GENERAL INFORMATION | |
| fixed length control field | 260330s2024 my a jr6 000 1 may d |
| 020 ## - INTERNATIONAL STANDARD BOOK NUMBER | |
| International Standard Book Number | 9789671662854 |
| Terms of availability | RM15.00 |
| Qualifying information | paperback |
| 040 ## - CATALOGING SOURCE | |
| Original cataloging agency | PPAK |
| Language of cataloging | eng |
| Transcribing agency | PPAK |
| Description conventions | rda |
| 082 04 - DEWEY DECIMAL CLASSIFICATION NUMBER | |
| Edition number | 23 |
| Classification number | 741.59595 |
| 090 00 - LOCALLY ASSIGNED LC-TYPE CALL NUMBER (OCLC); LOCAL CALL NUMBER (RLIN) | |
| Classification number (OCLC) (R) ; Classification number, CALL (RLIN) (NR) | 741.59595 |
| Feature heading | AFI |
| Feature heading | K |
| 100 0# - MAIN ENTRY--PERSONAL NAME | |
| Personal name | Afiq Salam, |
| Relator term | author |
| -- | illustrator. |
| 245 10 - TITLE STATEMENT | |
| Title | MISI RAGBI / |
| Statement of responsibility, etc. | AFIQ SALAM, NAZRY SALAM |
| 246 33 - VARYING FORM OF TITLE | |
| Title proper/short title | Misi ragbi : |
| Remainder of title | First team! |
| 264 #1 - PRODUCTION, PUBLICATION, DISTRIBUTION, MANUFACTURE, AND COPYRIGHT NOTICE | |
| Place of production, publication, distribution, manufacture | Cyberjaya, Selangor : |
| Name of producer, publisher, distributor, manufacturer | Boneybones Studio Sdn. Bhd., |
| Date of production, publication, distribution, manufacture, or copyright notice | [2024?] |
| 300 ## - PHYSICAL DESCRIPTION | |
| Extent | 104 pages : |
| Other physical details | colour illustrations ; |
| Dimensions | 21 cm |
| 336 ## - CONTENT TYPE | |
| Content type term | text |
| Source | rdacontent |
| 337 ## - MEDIA TYPE | |
| Media type term | unmediated |
| Source | rdamedia |
| 338 ## - CARRIER TYPE | |
| Carrier type term | volume |
| Source | rdacarrier |
| 490 1# - SERIES STATEMENT | |
| Series statement | SIRI KOMIK SUKAN |
| 650 10 - SUBJECT ADDED ENTRY--TOPICAL TERM | |
| Topical term or geographic name entry element | Comic books, strips, etc. |
| Topical term or geographic name entry element | Comic books and teenagers |
| Geographic subdivision | Malaysia |
| 700 0# - ADDED ENTRY--PERSONAL NAME | |
| Personal name | Nazry Salam, |
| Relator term | author. |
| 830 #0 - SERIES ADDED ENTRY--UNIFORM TITLE | |
| Uniform title | Siri komik sukan |
| 942 ## - ADDED ENTRY ELEMENTS (KOHA) | |
| Source of classification or shelving scheme | Dewey Decimal Classification |
| Koha item type | Book |
| Withdrawn | Not for loan | Current library | Shelving location | Date acquired | Total Checkouts | Full call number | Barcode | Date last seen | Koha item type |
|---|---|---|---|---|---|---|---|---|---|
| Perpustakaan Alor Setar | Pinjaman Kanak-kanak | 09/04/2026 | K 741.59595 AFI | A01907118 | 09/04/2026 | Book | |||
| Perpustakaan Awam Sungai Petani | Pinjaman Kanak-kanak | 09/04/2026 | K 741.59595 AFI | A01907119 | 09/04/2026 | Book | |||
| Perpustakaan Baling | Pinjaman Kanak-kanak | 09/04/2026 | K 741.59595 AFI | A01907123 | 09/04/2026 | Book | |||
| Perpustakaan Bandar Baharu | Pinjaman Kanak-kanak | 09/04/2026 | K 741.59595 AFI | A01907124 | 09/04/2026 | Book | |||
| Perpustakaan Jitra | Pinjaman Kanak-kanak | 09/04/2026 | K 741.59595 AFI | A01907120 | 09/04/2026 | Book | |||
| Perpustakaan Kuala Nerang | Pinjaman Kanak-kanak | 09/04/2026 | K 741.59595 AFI | A01907128 | 09/04/2026 | Book | |||
| Perpustakaan Kulim | Pinjaman Kanak-kanak | 09/04/2026 | K 741.59595 AFI | A01907122 | 09/04/2026 | Book | |||
| Perpustakaan Langkawi | Pinjaman Kanak-kanak | 09/04/2026 | K 741.59595 AFI | A01907121 | 09/04/2026 | Book | |||
| Perpustakaan Merbok | Pinjaman Kanak-kanak | 09/04/2026 | K 741.59595 AFI | A01907125 | 09/04/2026 | Book | |||
| Perpustakaan Pendang | Pinjaman Kanak-kanak | 09/04/2026 | K 741.59595 AFI | A01907129 | 09/04/2026 | Book | |||
| Perpustakaan Sik | Pinjaman Kanak-kanak | 09/04/2026 | K 741.59595 AFI | A01907127 | 09/04/2026 | Book | |||
| Perpustakaan Yan | Pinjaman Kanak-kanak | 09/04/2026 | K 741.59595 AFI | A01907126 | 09/04/2026 | Book | |||
| Bergerak 1, Alor Setar | Pinjaman Kanak-kanak | 09/04/2026 | K 741.59595 AFI | A01907130 | 09/04/2026 | Book | |||
| Bergerak 3, Baling | Pinjaman Kanak-kanak | 09/04/2026 | K 741.59595 AFI | A01907131 | 09/04/2026 | Book | |||
| Bergerak 4, Sungai Petani | Pinjaman Kanak-kanak | 09/04/2026 | K 741.59595 AFI | A01907132 | 09/04/2026 | Book | |||
| Bergerak 5, Kulim | Pinjaman Kanak-kanak | 09/04/2026 | K 741.59595 AFI | A01907133 | 09/04/2026 | Book |